00684nam a2200241 a 4500001001300000003000900013005001700022008004100039020001000080082001600090100001800106245003400124260004300158300000900201500003500210505001000245650002000255700001800275902000800293942000700301952011700308999001700425nice12345678IN_TiNIC20260116014242.0050524s1966 riya grp 000 0 ara  ac15000a297.2bTAI3 aTaimiyah, Ibn aSharh Al-Aqeedat-Il-Wasitiyah aRiyadhbDarus Salam Publicationsc1966 a222p aincludes index and biblioraphy2 aIndex aIslam-Doctrines1 aTaimiyah, Ibn bSRS cBK 001040708StackRoom-aHMIbHMId2007-07-11g150.00l0o297.2 TAI3p020138r2007-07-11v150.00w2005-05-24yBK c14524d14524